| 000 | 01482nam a22001577a 4500 | ||
|---|---|---|---|
| 041 | _aukr | ||
| 080 | _a09 | ||
| 090 | _bМІЩ | ||
| 100 | _aМіщук О. Ф. | ||
| 245 | _aКонцептуалізація поняття "свідомість" в аспекті когнітивної теорії метафори (на основі творів Портер К. А.) | ||
| 260 |
_aОстрог _bКАФ _c2004 |
||
| 300 | _a59 | ||
| 520 |
_aРозділ 1. Теорія та історія розвитку когнітивної лінгвістики.
1.1. Поняття когнітивної лінгвістики та етапи її формування.
1.2. Місце когнітивної лінгвістики у мовознавчій науці.
1.3. Обєкти та завдання когнітивної лінгвістики.
Розділ 2. Метафора як основний обєкт вивчення когнітивної семантики.
2.1. Теорія когнітивної семантики.
2.2. Поняття метафори в когнітивній семантиці.
2.3. Теорія метафори Дж. Лакоффа та М. Джонсона.
2.4. Аналіз концепту "свідомість" у англійській мові на основі метафор у творах Портер К. А. _0Лінгвістика, семантика, метафора |
||
| 650 | _aResearch Papers | ||
| 999 |
_c282549 _d282549 |
||
| 942 | _cBK | ||